00309nam a2200121Ia 4500008004100000041000800041082001600049100001900065245004500084260003500129300001600164365000700180240624s9999 xx 000 0 und d aeng a005.758 RUS aRUSSEL CHARLIE aMICROSOFT WINDOWS SERVER 2003 ADMINISTRA c2003aNew DelhibPrentice-Hall axlv, : 1571 cRS